|
|
|
|
| LEADER |
00000nas a2200000 i 4500 |
| 001 |
ssj0001454271 |
| 003 |
WaSeSS |
| 005 |
20200512172242.0 |
| 006 |
m d |
| 007 |
cr n |
| 008 |
110906c20129999nyuqr p s | a0eng |
| 010 |
|
|
|a 2011203265
|
| 022 |
|
|
|y 2163-3843
|
| 035 |
|
|
|a (WaSeSS)ssj0001454271
|
| 037 |
|
|
|b Nova Science Publishers, Inc., 400 Oser Ave., Suite 1600, Hauppauge, NY 11788
|
| 040 |
|
|
|a DLC
|b eng
|c DLC
|d DLC
|d OCoLC
|d WaSeSS
|
| 042 |
|
|
|a pcc
|a nsdp
|
| 050 |
0 |
0 |
|a HF5657.4
|b .I575
|
| 082 |
0 |
0 |
|a 658.1511
|2 23
|
| 130 |
0 |
|
|a International journal of management accounting research (Hauppauge, N.Y.)
|
| 222 |
|
0 |
|a International journal of management accounting research
|b (Hauppauge, NY)
|
| 245 |
1 |
0 |
|a International journal of management accounting research
|h [electronic resource].
|
| 260 |
|
|
|a Hauppauge, New York :
|b Nova Science Publishers, Inc.,
|c 2011-
|
| 310 |
|
|
|a Quarterly
|
| 362 |
1 |
|
|a Began with: V. 1, issue 1 (2011).
|
| 506 |
|
|
|a License restrictions may limit access.
|
| 588 |
|
|
|a Description based on: V. 1, issue 1 (2011); title from cover.
|
| 588 |
|
|
|a Latest issue consulted: V. 1, issue 1 (2011).
|
| 650 |
|
0 |
|a Managerial accounting
|v Periodicals.
|
| 655 |
|
0 |
|a Electronic journals.
|
| 850 |
|
|
|a DLC
|
| 856 |
4 |
0 |
|z Full text available from Research Library: 01/01/2013 to 07/31/2014
|u https://search.proquest.com/publication/2034864
|